TikTok accounts with the most followers - Statistics

General Stats
  • This quiz has been taken 31 times
  • The average score is 4 of 20
Answer Stats
Followers (in millions) Account % Correct
155.8 Charli D'Amelio
85%
88.3 Addison Rae
67%
160.4 Khaby Lame
59%
92.7 Bella Poarch
41%
124.6 MrBeast
41%
84.3 Zach King
22%
74.4 Billie Eilish
11%
79.8 Dwayne Johnson
11%
59.1 Selena Gomez
11%
83.7 Kimberly Loaiza
7%
59.7 Kylie Jenner
7%
83.9 Willie Salim
7%
78.9 Will Smith
7%
73.9 BTS
4%
74.1 CZN Burak
4%
76 Dominik Lipa
4%
63.8 FC Barcelona
4%
65.7 Jason Derulo
4%
70.2 Real Madrid
4%
68 Vilmei
4%
No matching quizzes found
Score Distribution
Percent of People with Each Score
Percentile by Number Answered
Your Score History
You have not taken this quiz